| 000 | 00000nam 2200000za 4500 |
| 001 | 9.841499 |
| 003 | CaOODSP |
| 005 | 20221107152113 |
| 007 | cr ||||||||||| |
| 008 | 170811s1977 onc #o f000 0 eng d |
| 040 | |aCaOODSP|beng |
| 043 | |an-cn--- |
| 086 | 1 |aR5-362/1977E-PDF |
| 100 | 1 |aSavoie, Donat. |
| 245 | 10|aNotes on the Metis people of the North extracted from the writings of Emile Petitot O.M.I. |h[electronic resource] / |cDonat Savoie. |
| 260 | |a[Ottawa?] : |bDepartment of Indian and Northern Affairs, Northern Social Research Division, |c1977. |
| 300 | |a97 p. |
| 500 | |a"September 1977." |
| 500 | |aTitle from cover. |
| 500 | |aDigitized edition from print [produced by Indigenous and Northern Affairs Canada]. |
| 520 | |aExtracts of writings by Emile Petitot O.M.I. about various topics describing the Metis people of the North. |
| 692 | 07|2gccst|aMétis |
| 692 | 07|2gccst|aNorthern studies |
| 692 | 07|2gccst|aAboriginal culture |
| 700 | 1 |aPetitot, Émile, |d1838-1917. |
| 710 | 1 |aCanada. |bNorthern Social Research Division. |
| 710 | 1 |aCanada. |bIndian and Northern Affairs Canada. |
| 856 | 40|qPDF|s5.89 MB|uhttps://publications.gc.ca/collections/collection_2017/aanc-inac/R5-362-1977-eng.pdf |